Civil War Generals - Statistics

General Stats
  • This quiz has been taken 337 times
  • The average score is 11 of 20
Answer Stats
Hint Answer % Correct
Commanded the Army of Northern Virginia Robert E Lee
90%
Led the "March to the Sea" William T. Sherman
87%
The "right hand" of the above general; led the Shenendoah Valley campaign Thomas Jackson
80%
The leading general of the Northern Armies Ulysses Grant
72%
Led the Union to victory at Gettysburg George Meade
71%
Namesake of the famous charge at Gettysburg George Pickett
71%
Led his troops to slaughter at Antietam, Fredericksburg, and the Crater Ambrose Burnside
61%
Lee's "Eyes and Ears" Jeb Stuart
59%
The "Rock of Chickamagua"; smashed Hood's army at Nashville George Thomas
57%
"My Old Warhorse"; foresaw the rise of trench warfare James Longstreet
56%
"The Little Corporal"; planned the Peninsular Campaign George McClellan
54%
"Fightin' Joe"; Led the Army of the Potomac at Chancellorsville Joseph Hooker
49%
Commanded the defense of Atlanta John Bell Hood
46%
Commanded the Army of Tennessee, and was defeated at Chattanooga Braxton Bragg
45%
The last Southern general to surrender in the Civil War Joseph Johnston
38%
First supreme commander of the Northern Armies Winfield Scott
35%
Commanded - and died - at the Battle of Shiloh Albert Johnston
33%
Was badly defeated at Second Manassas John Pope
26%
A good general, but was decisively defeated at Chickamagua William Rosecrans
26%
The second supreme commander of the Northern Armies Henry Halleck
21%
No matching quizzes found
Score Distribution
Percent of People with Each Score
Percentile by Number Answered
Your Score History
You have not taken this quiz